000 00526nam a2200205Ia 4500
003 OSt
005 20220219114600.0
008 210210b1985 xxu||||| |||| 00| 0 eng d
040 _aAL
_c
041 _aEnglish
082 _a530.028 SINA
100 _aSINGH (S P).
_921271
245 _aAdvanced practical physics. V1.Ed.6
260 _aMeerut
_bPragati Prakashan
_c1985
300 _aviii,392
650 _aPractical physics advanced
_921272
690 _aPhysics Practical
_921273
906 _a036998
942 _2ddc
_cBK
999 _c87429
_d87429